| 000 | 00525nam a2200205Ia 4500 | ||
|---|---|---|---|
| 005 | 20240913125909.0 | ||
| 008 | 240913s9999||||xx |||||||||||||| ||und|| | ||
| 020 | _a81-8147-920-3 | ||
| 041 | _aENGLISH | ||
| 082 | _A612 P6 | ||
| 100 | _aGuyton,Arthur C | ||
| 245 | 0 | _aTextbook of Medical Physiology | |
| 250 | _a11th | ||
| 260 |
_c2006 _bSaunders An Imprint of Els |
||
| 500 | _aREFERENCE | ||
| 650 |
_aRenal Dialysis Technology _bAllied Health Science |
||
| 700 | _aHall,John E | ||
| 942 | _cREF | ||
| 999 |
_c246503 _d246503 |
||